| 000 | 00913nam a22002537a 4500 | ||
|---|---|---|---|
| 001 | 10073 | ||
| 003 | BD-RjUL | ||
| 005 | 20211208234904.0 | ||
| 008 | 140122s2007 ii a|||| b||| 001 0 eng d | ||
| 020 | _a9788173197758 | ||
| 035 | _a(BD-RjUL)10120 | ||
| 040 |
_aBD-RjUL _beng _cBD-RjUL |
||
| 041 | _aeng | ||
| 082 | 0 | 4 |
_2 23 _a539.6 _bJAI 2007 |
| 100 | 1 |
_aJain, Vimal Kumar _931081 |
|
| 245 | 1 |
_aIntroduction to atomic and molecular spectroscopy _cVimal Kumar Jain |
|
| 260 |
_aNew Dehlhi : _bNarosa Publishing, _c©2007. |
||
| 300 |
_a1 v. (various pagings) : _bill. ; _c25 cm. |
||
| 504 | _aIncludes bibliography and index. | ||
| 650 |
_a Atomic spectroscopy -- Textbooks. _931082 |
||
| 650 |
_a Molecular spectroscopy -- Textbooks. _931083 |
||
| 856 |
_3WorldCat _uhttp://www.worldcat.org/title/introduction-to-atomic-and-molecular-spectroscopy/oclc/150354192&referer=brief_results |
||
| 942 |
_2ddc _cBK _01 |
||
| 999 |
_c10073 _d10073 |
||